000 00477nam a22001697a 4500
005 20251108164156.0
008 250721s1964 xx 000 0 ara d
082 1 4 _a301.32/إبر
100 1 _aابرمز، تشارلز
245 1 0 _aالمدينة و مشاكل الإسكان /
264 1 _aبيروت :
_bدار الآفاق الجديدة،
_c1964.
300 _a230ص
490 0 _aآفاق جديدة
650 1 7 _aالسكان
942 _2ddc
_cBK
999 _c5542
_d5542